|
|
|
|
| LEADER |
00952nam a22002532a 4500 |
| 001 |
000279456 |
| 003 |
CZ BrMZK |
| 005 |
20190415143242.0 |
| 007 |
ta |
| 008 |
980107s1955 xr af f cze d |
| 040 |
|
|
|a BOA001
|b cze
|
| 041 |
1 |
|
|a cze
|b ger
|b rus
|
| 100 |
1 |
|
|a Musil, Rudolf,
|d 1926-2022
|7 jk01082523
|4 aut
|
| 245 |
1 |
0 |
|a Nález Elephantida v cihelně na Úvoze v Brně /
|c Rudolf Musil
|
| 260 |
|
|
|a Brno :
|b Moravské museum,
|c 1955
|
| 300 |
|
|
|a S. 38-59, obr. příl. :
|b il.
|
| 504 |
|
|
|a Obsahuje bibliografii
|
| 546 |
|
|
|a Německé a ruské resumé
|
| 772 |
0 |
8 |
|i Separát ze seriálu:
|t Časopis Moravského musea,
|g 40/1955
|
| 910 |
|
|
|a BOA001
|b PK-0026.089
|b X-0372.635
|
| 964 |
|
|
|a Brno - sloni - nálezy archeologické
|
| 990 |
|
|
|a BK
|
| 996 |
6 |
|
|b 2619865380
|c X-0372.635
|l MZK
|r Sklad / do 24 hodin
|n 1
|w 000279456
|u 000020
|a 1
|e BOA001
|j MZK50
|s P
|
| 996 |
7 |
|
|b 3119919358
|c PK-0026.089
|l MZK
|r Sklad / do 1 hodiny
|n 3
|w 000279456
|u 000010
|a 1
|e BOA001
|j MZK50
|s A
|